000
00201nam a2200085Ia 4500
008
180219s9999 xx 000 0 und d
100
_a
Sharma R A
245
0
_a
Shiksha Anusandhan
260
_a
Internation Pub;Lisher
260
_c
2010
999
_c
41459
_d
41459